Para estudiar el subdesarrollo. Brevísimo acoso al imperialismo y sus ofensas

Uloženo v:
Podrobná bibliografie
Hlavní autor: Castilla Urbina, Miguel de
Médium: Text
Vydáno: San José: EDUCA
Vydání:2
Tagy: Přidat tag
Žádné tagy, Buďte první, kdo vytvoří štítek k tomuto záznamu!

MARC

LEADER 00000 a a2200000 04500
001 25216
003
040
020 |a 84-8360-218-0  
090 |a 180300  
100 |a Castilla Urbina, Miguel de  
245 |a Para estudiar el subdesarrollo. Brevísimo acoso al imperialismo y sus ofensas  
250 |a 2  
260 |a San José:   |b EDUCA  
300 |a 179 p  
999 |c 11388  |d 11388